Range management /
Guardado en:
| Autor Principal: | |
|---|---|
| Otros Autores: | |
| Formato: | Libro |
| Idioma: | English |
| Publicado: |
New York :
McGraw-Hill,
1955.
|
| Edición: | 2nd ed. |
| Series: | The American forestry series
|
| Etiquetas: |
Agregar Etiqueta
Sin Etiquetas, Sea el primero en etiquetar este registro!
|
| LEADER | 00742cam a22002171a 4500 | ||
|---|---|---|---|
| 001 | EEA.libagro010056 | ||
| 005 | 20150311103015.0 | ||
| 008 | 750829s1955####nyua#####b####000#0#eng## | ||
| 010 | |a 55006172 | ||
| 040 | |a DLC |c FMU |d OCoLC |d Uk |d DLC | ||
| 050 | 0 | 0 | |a SF85 |b .S75 1955 |
| 082 | |a 333.74 | ||
| 100 | 1 | |a Stoddart, L. A. |q (Laurence Alexander), |d 1909-1968. | |
| 245 | 1 | 0 | |a Range management / |c [by] Laurence A. Stoddart [and] Arthur D. Smith. |
| 250 | |a 2nd ed. | ||
| 260 | |a New York : |b McGraw-Hill, |c 1955. | ||
| 300 | |a 433 p. : |b il. ; |c 24 cm. | ||
| 490 | 0 | |a The American forestry series | |
| 504 | |a Incluye bibliografía. | ||
| 700 | 1 | |a Smith, Arthur D. |q (Arthur Dwight), |d 1907-1993. | |
| 859 | |a AR-BbBCA |b BIB. AGRONOMIA |h 333.74 |i S869a2 |p 1962/0078 | ||
